[Event "EYCC 2024 - O16"]
[Site "?"]
[Date "2024.08.31"]
[Round "9.11"]
[White "Govoreanu, Matei"]
[Black "Berin, Artem"]
[Result "0-1"]
[BlackElo "2237"]
[WhiteElo "2042"]
[LiveChessVersion "1.4.8"]

1. e4 {[%clk 1:30:52]} d5 {[%clk 1:30:37]} 2. exd5 {[%clk 1:31:11]} Qxd5
{[%clk 1:31:03]} 3. Nc3 {[%clk 1:31:31]} Qa5 {[%clk 1:31:29]} 4. Bc4
{[%clk 1:31:29]} Nf6 {[%clk 1:31:40]} 5. d3 {[%clk 1:31:38]} Bg4 {[%clk 1:30:10]}
6. f3 {[%clk 1:31:14]} Bf5 {[%clk 1:29:56]} 7. Qe2 {[%clk 1:30:57]} c6
{[%clk 1:27:13]} 8. Bd2 {[%clk 1:30:59]} Qc7 {[%clk 1:27:08]} 9. g4
{[%clk 1:26:38]} Bd7 {[%clk 1:26:45]} 10. Nh3 {[%clk 1:07:16]} h6
{[%clk 1:24:24]} 11. Ne4 {[%clk 1:02:44]} Nd5 {[%clk 1:21:21]} 12. O-O-O
{[%clk 1:01:34]} e6 {[%clk 1:20:15]} 13. f4 {[%clk 0:58:50]} Na6 {[%clk 1:17:38]}
14. Qf2 {[%clk 0:53:19]} b5 {[%clk 1:15:35]} 15. Bb3 {[%clk 0:51:49]} Qb6
{[%clk 1:14:26]} 16. Rhe1 {[%clk 0:46:57]} O-O-O {[%clk 1:13:15]} 17. Qf3
{[%clk 0:42:45]} f5 {[%clk 1:05:41]} 18. gxf5 {[%clk 0:41:33]} exf5
{[%clk 1:06:10]} 19. Nc3 {[%clk 0:41:19]} Nf6 {[%clk 1:02:54]} 20. Be3
{[%clk 0:38:50]} Bc5 {[%clk 1:00:41]} 21. Bxc5 {[%clk 0:34:27]} Nxc5
{[%clk 0:59:56]} 22. Re7 {[%clk 0:33:54]} Nxb3+ {[%clk 0:58:10]} 23. axb3
{[%clk 0:34:22]} Rhg8 {[%clk 0:57:30]} 24. Nf2 {[%clk 0:32:03]} Rde8
{[%clk 0:56:04]} 25. Rde1 {[%clk 0:32:10]} Kd8 {[%clk 0:53:41]} 26. Rxe8+
{[%clk 0:30:45]} Rxe8 {[%clk 0:53:12]} 27. Rxe8+ {[%clk 0:30:34]} Bxe8
{[%clk 0:53:32]} 28. Kd2 {[%clk 0:28:28]} Bh5 {[%clk 0:49:33]} 29. Qe3
{[%clk 0:27:07]} Qxe3+ {[%clk 0:48:52]} 30. Kxe3 {[%clk 0:27:36]} b4
{[%clk 0:49:14]} 31. Na4 {[%clk 0:26:37]} Nd5+ {[%clk 0:49:29]} 32. Kd4
{[%clk 0:26:27]} Nxf4 {[%clk 0:49:43]} 33. Ke5 {[%clk 0:14:37]} Ne2
{[%clk 0:46:15]} 34. Kxf5 {[%clk 0:10:08]} Nd4+ {[%clk 0:46:31]} 35. Ke4
{[%clk 0:09:53]} Nxc2 {[%clk 0:46:51]} 36. Nc5 {[%clk 0:10:07]} Ke7
{[%clk 0:46:02]} 37. Ke5 {[%clk 0:07:20]} Bf7 {[%clk 0:40:04]} 38. Nfe4
{[%clk 0:05:47]} Ne1 {[%clk 0:39:49]} 39. Kf4 {[%clk 0:05:01]} g5+
{[%clk 0:39:27]} 40. Kf5 {[%clk 0:04:59]} Nf3 {[%clk 0:37:21]} 41. h3
{[%clk 0:04:52]} Nd4+ {[%clk 0:37:28]} 42. Ke5 {[%clk 0:04:46]} Nf3+
{[%clk 0:31:11]} 43. Kf5 {[%clk 0:05:08]} a5 {[%clk 0:31:33]} 44. Ng3
{[%clk 0:04:02]} Nd4+ {[%clk 0:29:58]} 45. Ke5 {[%clk 0:04:17]} Nxb3
{[%clk 0:29:59]} 46. Nf5+ {[%clk 0:04:04]} Kd8 {[%clk 0:30:15]} 47. Na4
{[%clk 0:03:16]} Bg6 {[%clk 0:29:24]} 48. Nxh6 {[%clk 0:02:40]} Kc7
{[%clk 0:26:07]} 49. Nf5 {[%clk 0:01:08]} c5 {[%clk 0:22:46]} 50. Kf6
{[%clk 0:01:25]} Be8 {[%clk 0:23:01]} 51. Kxg5 {[%clk 0:01:04]} Bxa4
{[%clk 0:23:25]} 52. h4 {[%clk 0:01:26]} Nd4 {[%clk 0:22:30]} 53. Nxd4
{[%clk 0:00:37]} cxd4 {[%clk 0:22:58]} 54. Kf4 {[%clk 0:01:04]} Kd6
{[%clk 0:23:05]} 0-1

[Event "EYCC 2024 - O16"]
[Site "?"]
[Date "2024.08.31"]
[Round "9.12"]
[White "Fiskaaen, Martin Holten"]
[Black "Seiger, Vidar"]
[Result "1-0"]
[BlackElo "2079"]
[WhiteElo "2225"]
[LiveChessVersion "1.4.8"]

1. d4 {[%clk 1:30:54]} Nf6 {[%clk 1:30:52]} 2. c4 {[%clk 1:31:18]} g6
{[%clk 1:31:17]} 3. Nc3 {[%clk 1:31:44]} Bg7 {[%clk 1:31:42]} 4. e4
{[%clk 1:32:10]} O-O {[%clk 1:32:04]} 5. Be2 {[%clk 1:32:33]} d6 {[%clk 1:32:20]}
6. Be3 {[%clk 1:32:58]} Na6 {[%clk 1:32:30]} 7. Nf3 {[%clk 1:33:20]} e5
{[%clk 1:32:32]} 8. O-O {[%clk 1:33:41]} c6 {[%clk 1:32:48]} 9. d5
{[%clk 1:33:44]} Ng4 {[%clk 1:33:09]} 10. Bg5 {[%clk 1:34:02]} f6
{[%clk 1:33:33]} 11. Bh4 {[%clk 1:34:22]} c5 {[%clk 1:33:55]} 12. Nd2
{[%clk 1:25:17]} h5 {[%clk 1:33:26]} 13. h3 {[%clk 1:22:00]} Nh6 {[%clk 1:33:47]}
14. a3 {[%clk 1:21:10]} Qe7 {[%clk 1:28:04]} 15. Rb1 {[%clk 1:20:31]} g5
{[%clk 1:22:28]} 16. Bg3 {[%clk 1:20:46]} f5 {[%clk 1:22:07]} 17. exf5
{[%clk 1:10:14]} Bxf5 {[%clk 1:21:14]} 18. Bxh5 {[%clk 1:06:43]} Bxb1
{[%clk 1:18:00]} 19. Qxb1 {[%clk 1:06:58]} Nc7 {[%clk 1:09:32]} 20. Nce4
{[%clk 1:03:18]} Nf5 {[%clk 1:02:59]} 21. Bh2 {[%clk 1:02:15]} Nd4
{[%clk 1:01:41]} 22. Qd3 {[%clk 1:01:16]} Bf6 {[%clk 0:57:10]} 23. b4
{[%clk 0:57:26]} b6 {[%clk 0:56:30]} 24. Rb1 {[%clk 0:57:14]} cxb4
{[%clk 0:53:01]} 25. axb4 {[%clk 0:57:06]} Ne8 {[%clk 0:39:05]} 26. Nf3
{[%clk 0:53:47]} Qh7 {[%clk 0:36:45]} 27. Bg4 {[%clk 0:53:08]} Nxf3+
{[%clk 0:36:48]} 28. Bxf3 {[%clk 0:53:22]} Be7 {[%clk 0:36:06]} 29. Rd1
{[%clk 0:52:27]} a5 {[%clk 0:26:15]} 30. bxa5 {[%clk 0:47:14]} Rxa5
{[%clk 0:25:20]} 31. Qe3 {[%clk 0:46:48]} Bd8 {[%clk 0:22:14]} 32. Nxg5
{[%clk 0:41:17]} Bxg5 {[%clk 0:21:48]} 33. Qxg5+ {[%clk 0:41:41]} Qg7
{[%clk 0:22:11]} 34. Qe3 {[%clk 0:40:10]} Rc5 {[%clk 0:21:59]} 35. Be2
{[%clk 0:37:09]} Qf6 {[%clk 0:20:23]} 36. Rb1 {[%clk 0:35:27]} Ng7
{[%clk 0:17:54]} 37. g4 {[%clk 0:34:47]} Rb8 {[%clk 0:15:55]} 38. Bg3
{[%clk 0:33:20]} Qf7 {[%clk 0:14:05]} 39. Bd3 {[%clk 0:29:24]} b5
{[%clk 0:12:17]} 40. Qe4 {[%clk 0:24:12]} b4 {[%clk 0:12:28]} 41. Qh7+
{[%clk 0:23:17]} Kf8 {[%clk 0:12:57]} 42. Qh8+ {[%clk 0:23:34]} Qg8
{[%clk 0:13:25]} 43. Qh6 {[%clk 0:23:57]} Ke7 {[%clk 0:10:07]} 44. Ra1
{[%clk 0:23:32]} Kd7 {[%clk 0:09:30]} 45. Bxe5 {[%clk 0:19:33]} dxe5
{[%clk 0:09:44]} 46. Ra7+ {[%clk 0:19:49]} 1-0

[Event "EYCC 2024 - O16"]
[Site "?"]
[Date "2024.08.31"]
[Round "9.13"]
[White "Lyakh, Vasiliy"]
[Black "Liu, Jason"]
[Result "1/2-1/2"]
[BlackElo "2223"]
[WhiteElo "2115"]
[LiveChessVersion "1.4.8"]

1. d4 {[%clk 1:30:57]} Nf6 {[%clk 1:30:52]} 2. Nf3 {[%clk 1:31:10]} e6
{[%clk 1:31:15]} 3. Bf4 {[%clk 1:31:35]} b6 {[%clk 1:31:20]} 4. e3
{[%clk 1:31:59]} Bb7 {[%clk 1:31:43]} 5. h3 d6 {[%clk 1:30:29]} 6. Nbd2
{[%clk 1:32:41]} Nbd7 {[%clk 1:27:51]} 7. Bd3 {[%clk 1:31:31]} Qe7
{[%clk 1:22:39]} 8. Bh2 {[%clk 1:29:43]} e5 {[%clk 1:16:49]} 9. e4
{[%clk 1:22:31]} g6 {[%clk 1:10:37]} 10. Qe2 {[%clk 1:21:36]} Bg7
{[%clk 1:08:39]} 11. dxe5 {[%clk 1:15:09]} Nxe5 {[%clk 1:05:04]} 12. Nxe5
{[%clk 1:13:37]} dxe5 {[%clk 1:05:14]} 13. Bb5+ {[%clk 1:12:26]} c6
{[%clk 1:01:25]} 14. Bc4 {[%clk 1:10:42]} O-O {[%clk 0:59:06]} 15. O-O
{[%clk 1:10:21]} Nh5 {[%clk 0:56:51]} 16. Rfd1 {[%clk 1:08:18]} Rad8
{[%clk 0:51:34]} 17. Nf1 {[%clk 1:08:05]} Nf4 {[%clk 0:48:11]} 18. Qf3
{[%clk 1:05:01]} Qb4 {[%clk 0:43:50]} 19. Ne3 {[%clk 0:51:15]} Qxb2
{[%clk 0:27:48]} 20. Bxf4 {[%clk 0:50:37]} exf4 {[%clk 0:27:30]} 21. Qxf4
{[%clk 0:51:05]} Be5 {[%clk 0:24:49]} 22. Qf3 {[%clk 0:49:26]} Bd4
{[%clk 0:21:03]} 23. Rab1 {[%clk 0:44:36]} Qa3 {[%clk 0:20:39]} 24. Rb3
{[%clk 0:21:25]} Qe7 {[%clk 0:20:50]} 25. Rbd3 {[%clk 0:21:39]} c5
{[%clk 0:20:20]} 26. Nd5 {[%clk 0:21:23]} Bxd5 {[%clk 0:20:35]} 27. Bxd5
{[%clk 0:21:48]} Kg7 {[%clk 0:19:33]} 28. c3 {[%clk 0:19:49]} Be5
{[%clk 0:19:51]} 29. Bc4 {[%clk 0:20:14]} f6 {[%clk 0:16:48]} 30. g3
{[%clk 0:16:29]} Bc7 {[%clk 0:14:19]} 31. Qg4 {[%clk 0:14:02]} Rxd3
{[%clk 0:13:08]} 32. Rxd3 {[%clk 0:14:30]} Rd8 {[%clk 0:13:05]} 33. Rxd8
{[%clk 0:14:10]} Bxd8 {[%clk 0:13:15]} 34. Bd5 {[%clk 0:14:14]} Bc7
{[%clk 0:11:06]} 35. f4 {[%clk 0:11:27]} b5 {[%clk 0:08:55]} 36. Qc8
{[%clk 0:11:02]} Bb6 {[%clk 0:06:37]} 37. Qb7 {[%clk 0:04:00]} Qxb7
{[%clk 0:05:17]} 1/2-1/2

[Event "EYCC 2024 - O16"]
[Site "?"]
[Date "2024.08.31"]
[Round "9.14"]
[White "Antoniou, Rafail"]
[Black "Sapocinic, Semion"]
[Result "1/2-1/2"]
[BlackElo "2213"]
[WhiteElo "2007"]
[LiveChessVersion "1.4.8"]

1. e4 {[%clk 1:30:54]} e5 {[%clk 1:29:43]} 2. Nf3 {[%clk 1:31:16]} Nf6
{[%clk 1:30:09]} 3. Nxe5 {[%clk 1:31:41]} d6 {[%clk 1:30:37]} 4. Nf3
{[%clk 1:32:06]} Nxe4 {[%clk 1:31:02]} 5. Qe2 {[%clk 1:32:32]} Qe7
{[%clk 1:31:23]} 6. d3 {[%clk 1:32:49]} Nf6 {[%clk 1:31:00]} 7. Bg5
{[%clk 1:33:08]} Be6 {[%clk 1:31:04]} 8. Nd4 {[%clk 1:33:22]} h6 {[%clk 1:30:45]}
9. Nxe6 {[%clk 1:30:30]} fxe6 {[%clk 1:31:06]} 10. Bc1 {[%clk 1:28:57]} Nc6
{[%clk 1:28:50]} 11. c3 {[%clk 1:28:45]} e5 {[%clk 1:28:25]} 12. g3
{[%clk 1:28:47]} O-O-O {[%clk 1:27:09]} 13. Bg2 {[%clk 1:28:30]} d5
{[%clk 1:24:15]} 14. Nd2 {[%clk 1:27:05]} Qf7 {[%clk 1:22:49]} 15. O-O
{[%clk 1:25:08]} Bd6 {[%clk 1:21:02]} 16. b4 {[%clk 1:25:24]} g5 {[%clk 1:19:10]}
17. b5 {[%clk 1:22:29]} Ne7 {[%clk 1:17:48]} 18. c4 {[%clk 1:22:21]} Nf5
{[%clk 1:11:58]} 19. Nb3 {[%clk 1:16:52]} Nd4 {[%clk 1:10:16]} 20. Qb2
{[%clk 1:13:03]} Rhe8 {[%clk 0:58:18]} 21. Be3 {[%clk 1:08:35]} dxc4
{[%clk 0:55:33]} 22. dxc4 {[%clk 1:07:25]} Nd7 {[%clk 0:50:27]} 23. Bxd4
{[%clk 1:00:26]} exd4 {[%clk 0:49:53]} 24. Qxd4 {[%clk 1:00:49]} Kb8
{[%clk 0:47:21]} 25. Rae1 {[%clk 0:58:12]} Qf5 {[%clk 0:39:53]} 26. Qd5
{[%clk 0:37:19]} Qxd5 {[%clk 0:40:01]} 27. cxd5 {[%clk 0:36:13]} Bb4
{[%clk 0:36:38]} 28. Rb1 {[%clk 0:34:27]} Bc3 {[%clk 0:34:01]} 29. Rbc1
{[%clk 0:34:37]} Bg7 {[%clk 0:33:50]} 30. Rfe1 {[%clk 0:33:00]} b6
{[%clk 0:31:13]} 31. a4 {[%clk 0:29:48]} Rxe1+ {[%clk 0:30:04]} 32. Rxe1
{[%clk 0:30:09]} Nc5 {[%clk 0:30:33]} 33. Nxc5 {[%clk 0:29:29]} bxc5
{[%clk 0:30:03]} 34. Re4 {[%clk 0:29:53]} Bd4 {[%clk 0:29:20]} 35. Kf1
{[%clk 0:30:20]} Rd6 {[%clk 0:27:41]} 36. Ke2 {[%clk 0:28:45]} Kb7
{[%clk 0:27:14]} 37. f4 {[%clk 0:25:20]} gxf4 {[%clk 0:26:40]} 38. gxf4
{[%clk 0:25:41]} Kb6 {[%clk 0:24:21]} 39. Kd3 {[%clk 0:24:51]} Bg1
{[%clk 0:17:24]} 40. Kc4 {[%clk 0:23:37]} Bxh2 {[%clk 0:16:12]} 41. f5
{[%clk 0:23:27]} 1/2-1/2